000
00322nam a2200145Ia 4500
100
_a
Tropper/ R.H.
942
_c
BK
654
_a
Computer
245
_a
Programming in Assembly Languages M the IBM PC
260
_b
Jaico Pub
_a
Bombay
_c
1994
082
_a
5.136
_b
TRO
300
_a
648
546
_a
ENGLISH
999
_c
31564
_d
31564